000 00502nam a22001937a 4500
003 MPLRDC
005 20220104143028.0
008 210129b ||||| |||| 00| 0 eng d
020 _a986-7683-44-7
082 _a520.14 ZX
100 _a祖霞 编著
245 _a卢梭德平等教育
_c
250 _a初版
260 _a台湾
_b汉湘文化事业股份有限公司
_c2004
300 _b169
490 _a教育家 EDUCATIONIST: 03
650 _a西洋教育学说
942 _cBK
_o520.14 ZX
999 _c35928
_d35918